000 004490000a22001930004500
005 20120302053128.0
942 _cBOOK
100 _a Burns, Patrick
245 _a Climb every mountain
260 _aAssam:
_bProvincial Office Gauhati,
_c1977
300 _a125p
040 _aENG
365 _bRs.
650 _aReligion
650 _aChristian
650 _aChristianity-Religion
650 _aDivine Revelation
650 _aClimb-Mountain
999 _c342025
_d342022